| 000 | 00727nam a22002057a 4500 | ||
|---|---|---|---|
| 999 |
_c177255 _d177255 |
||
| 005 | 20210216144150.0 | ||
| 010 | _aB-736887 | ||
| 020 |
_a9789383656882 _c250.00 |
||
| 035 | _aB-736887 | ||
| 037 | _bGift/Eng/03-02-2021 | ||
| 082 | _a001.4 | ||
| 100 | _aBalaji, C. | ||
| 245 |
_aThe joy of research / _cby C. Balaji |
||
| 260 |
_aNew Delhi _bAne Books _c2015 |
||
| 270 |
_a4821, Parwana Bhawan, 1st Floor, 24 Ansari Road, Daryaganj _bNew Delhi _e110002 |
||
| 300 |
_aviii, 185p.: _bill. _c22cm(pbk) |
||
| 500 | _ainclude references | ||
| 942 |
_2ddc _cEN _mBAL _h001.4 |
||